000
00341cam a2200145ua 4500
041
_a
eng
_h
082
_a
930
_b
HEX/RE
100
_a
Hexter, J.H .
245
_a
Reappraisals in History /
_c
J.H.Hexter.
_h
Textual Documents
260
_a
London :
_b
Longman ,
_c
1967.
300
_a
214 ; .
504
_a
942
_c
BK
999
_c
1278
_d
1278